Responses for Show #3555 - Friday, February 4, 2000

Jeremy Bate game 1.

Contestants

[<< previous game]

Jeremy Bate, a writer from Los Angeles, California

Brian Siegel, a director of Internet development from Northridge, California

Kathy Holden, an attorney from Chula Vista, California (whose 1-day cash winnings total $3,600)

[next game >>]

Jeopardy! Round responses

FIRST LADIES
PLAY YOUR CARDS RIGHT
VILLAGES
NAME THAT STOOGE
(Alex: Yes, The Three Stooges.)
LITERARY HODGEPODGE
GIVE "P"s A CHANCE
    $100 1
Hillary Clinton

Kathy
    $100 16
West (opposites)

Jeremy
    $100 21
Greenwich Village

Jeremy
    $100 6
Moe Howard

Jeremy
    $100 5
Louisa May Alcott

Kathy
    $200 2
Pat Nixon

Jeremy
    $200 17
22

Kathy
    $200 22
Cheddar

Kathy
    $200 7
Larry Fine

Brian
    $200 12
"Dracula"

Brian
    $200 26
Peal

Kathy
    $300 3
(K: Who is Bess Truman?)
(J: Who is Margaret Truman?)

Mamie Eisenhower

KathyJeremy
Triple Stumper
    $300 18
(K: What are spades?)

Hearts

KathyJeremy
    $400 23
(minute to go...)

Carmel (Carmelite monks)

Kathy
    $300 8
Shemp Howard

Jeremy
    $300 13
Maid Marian

Jeremy
    $300 27
Pokey

Kathy
    $400 4
Abigail Adams

Triple Stumper
    $400 19
4

Triple Stumper
    $400 24
Montreal (Mount Royal)

Triple Stumper
    $400 9
Curly Howard

Brian
    $400 14
Emily Dickinson

Kathy
    $400 28
(buzzer sounds)

Pugilism

Brian
    $500 11
Barbara Bush

Jeremy
    $500 20
Joker

Jeremy
    $500 25
Glams & Cawdor

Triple Stumper
    $500 10
"Curly Joe" DeRita

Kathy
    $500 15
(J: What is "The Trial?")
(B: What is "The Metamorphosis?")

"The Castle"

BrianJeremy
Triple Stumper

Scores at the first commercial break (after clue 13):

Kathy Brian Jeremy
$400 $800 $1,100

Scores at the end of the Jeopardy! Round:

Kathy Brian Jeremy
$1,800 $700 $1,600

Double Jeopardy! Round responses

INVENTORS
MUSIC ON TV
AROUND THE WORLD
A WEEK AT CLUB MEDIEVAL
GO JUMP IN A LAKE
THE END OF THE WORD
(Alex: Not "world".)
    $200 1
Pressure cooker

Brian
    $200 6
Rolling Stones

Jeremy
    $200 21
Shah of Iran

Kathy
    $200 9
(K: What is your wedding night?)

The serfs' wedding night

Kathy
Triple Stumper
    $200 26
Lake Mead

Jeremy
    $200 16
-ess

Jeremy
    $400 2
Lock

Jeremy
    $400 7
Cop Rock

Jeremy
    $400 22
(J: What is Mexico?)

Argentina

Jeremy
Triple Stumper
    $400 10
(B: What are....(time)?)

Seals

BrianJeremy
    $400 27
Dead Sea

Triple Stumper
    $400 17
-ing

Kathy
    $600 3
Diode

Brian
    $600 8
MTV Unplugged

Kathy
    $600 23
(minute to go...)

Rose

Triple Stumper
    $600 13
University

Kathy
    $600 28
Lake Okeechobee

Jeremy
    $600 18
-ward

Jeremy
    $800 4
Concertina

Triple Stumper
    $800 11
Vonda Shepard

Brian
    $800 24
Chutneys

Kathy
    $800 14
Begging

Jeremy
    $600 29
(J: What is Lake Victoria?)

Lake Nasser

Jeremy
    $1,000 19
-fold

Jeremy
    $1000 5
Photographs

Kathy
    $1000 12
Wolf Trap

Kathy
    $1000 25
Wales

Jeremy
    $1000 15
(K: What is grog?)
(J: What is skol?)

Wassail

KathyJeremy
Triple Stumper
    $1000 30
Lake Baikal

Jeremy
    $1000 20
-esque

Brian

Scores at the end of the Double Jeopardy! Round:

Kathy Brian Jeremy
$5,200 $2,900 $6,400

[wagering suggestions for these scores]

Final Jeopardy! Round responses

FILMS OF THE '80s
(Alex: Jeremy, you get to relax for two weeks; enjoy the vacation & also the College Championship, which begins on Monday!)
BrianWhat is Witness?
$1,000
KathyWhat is Witness
$1,201
JeremyWhat is Witness?
$4,100
Witness

Final scores:

Kathy Brian Jeremy
$6,401 $3,900 $10,500
2nd place: Trip to Merv Griffin's Resort Hotel & Givenchy Spa, Palm Springs, California 3rd place: Edge Corporation Catalog Gift Certificate New champion: $10,500

Game dynamics:

Coryat scores:

Kathy Brian Jeremy
$5,100 $2,900 $6,800
16 R
(including 1 DD),
4 W
8 R,
2 W
21 R
(including 1 DD),
5 W
(including 1 DD)

Combined Coryat: $14,800

[game clues] [game scores] [suggest correction]

Game tape date: 1999-11-17
The J! Archive is created by fans, for fans. Scraping, republication, monetization, and malicious use prohibited; this site may use cookies and collect identifying information. See terms. The Jeopardy! game show and all elements thereof, including but not limited to copyright and trademark thereto, are the property of Jeopardy Productions, Inc. and are protected under law. This website is not affiliated with, sponsored by, or operated by Jeopardy Productions, Inc. Join the discussion at JBoard.tv.